[Event "Napoli Primavera al Vomero op"]
[Site "Napoli"]
[Date "2016.05.19"]
[Round "3"]
[White "Esposito, Rosario"]
[Black "Solombrino, Giovanni"]
[Result "1/2-1/2"]
[WhiteElo "1802"]
[BlackElo "1772"]
[PlyCount "43"]
[EventDate "2016.05.05"]
[EventType "swiss"]
[EventRounds "6"]
[EventCountry "ITA"]
[SourceTitle "EXT 2018"]
[Source "ChessBase"]
[SourceDate "2017.10.13"]
[SourceVersion "1"]
[SourceVersionDate "2017.10.13"]
[SourceQuality "1"]

1. d4 Nf6 2. c4 g6 3. Nc3 d5 4. cxd5 Nxd5 5. e4 Nxc3 6. bxc3 Bg7 7. Bc4 c5 8. Ne2 0-0 9. Be3 Nc6 10. Rc1 Bg4 11. f3 Na5 12. Bd3 Bd7 13. h4 h5 14. Nf4 e5 15. dxe5 Bxe5 16. Nd5 b6 17. f4 Bg7 18. 0-0 Bc6 19. Qf3 Bxd5 20. exd5 Qxh4 21. Bf2 Qg4 22. Qxg4 1/2-1/2

[Event "Napoli Province-ch"]
[Site "Napoli"]
[Date "2016.04.14"]
[Round "7"]
[White "Solombrino, Giovanni"]
[Black "De Rosa, Francesco"]
[Result "1-0"]
[WhiteElo "1782"]
[BlackElo "1943"]
[PlyCount "103"]
[EventDate "2016.02.25"]
[EventType "swiss"]
[EventRounds "7"]
[EventCountry "ITA"]
[SourceTitle "EXT 2018"]
[Source "ChessBase"]
[SourceDate "2017.10.13"]
[SourceVersion "1"]
[SourceVersionDate "2017.10.13"]
[SourceQuality "1"]

1. e4 Nf6 2. e5 Nd5 3. Bc4 Nb6 4. Bb3 c5 5. c3 Nc6 6. d4 e6 7. Nf3 cxd4 8. cxd4 Bb4+ 9. Nc3 d6 10. exd6 Bxd6 11. 0-0 Ne7 12. Bg5 Bd7 13. d5 e5 14. Ne4 Bb5 15. Re1 f6 16. Bxf6 gxf6 17. Nxf6+ Kf7 18. Ne4 Ng6 19. Nfg5+ Ke8 20. Ne6 Qe7 21. Rc1 Rc8 22. Rxc8+ Nxc8 23. Qc2 Bd7 24. Ba4 Nb6 25. Bxd7+ Kxd7 26. Qb3 Kc8 27. a4 Nf4 28. Nxf4 exf4 29. Nxd6+ Qxd6 30. Qc3+ Kd7 31. Qxh8 Nxd5 32. Qxh7+ Kc6 33. Qf5 Kc7 34. Rc1+ Kb6 35. Rd1 Kc6 36. b4 a6 37. Qe4 b5 38. a5 Qd7 39. Rc1+ Kd6 40. Rc5 Qf7 41. Rc1 f3 42. Qxf3 Qxf3 43. gxf3 Nxb4 44. h4 Ke5 45. Kg2 Kf4 46. Rc5 Nd3 47. Rc6 Nb4 48. Rc5 Nd3 49. Rc6 Nb4 50. Rb6 Nd5 51. Rxa6 Nb4 52. Rb6 1-0

[Event "Napoli Province-ch"]
[Site "Napoli"]
[Date "2016.02.25"]
[Round "1"]
[White "Solombrino, Giovanni"]
[Black "Baccelliere, Donato"]
[Result "1-0"]
[WhiteElo "1782"]
[BlackElo "1411"]
[PlyCount "79"]
[EventDate "2016.02.25"]
[EventType "swiss"]
[EventRounds "7"]
[EventCountry "ITA"]
[SourceTitle "EXT 2018"]
[Source "ChessBase"]
[SourceDate "2017.10.13"]
[SourceVersion "1"]
[SourceVersionDate "2017.10.13"]
[SourceQuality "1"]

1. e4 e5 2. Nf3 Nc6 3. d4 exd4 4. Nxd4 Nf6 5. Nc3 Bb4 6. Nxc6 bxc6 7. Bd3 0-0 8. Bg5 h6 9. Bh4 Be7 10. Bg3 d5 11. e5 Nh7 12. 0-0 Rb8 13. b3 Bc5 14. Na4 Bd4 15. c3 Bb6 16. Qc2 Ng5 17. Nxb6 cxb6 18. f4 Ne6 19. f5 Nc5 20. f6 Nxd3 21. fxg7 Kxg7 22. Qxd3 Qg5 23. Rf6 Rg8 24. Raf1 Be6 25. Bf4 Qg4 26. Rf3 Qh4 27. Bxh6+ Kh8 28. Bd2 Kg7 29. Qe3 Kf8 30. Rxe6 Rxg2+ 31. Kxg2 Qg4+ 32. Rg3 Qxe6 33. Qh6+ Ke7 34. Bg5+ Kd7 35. Qxe6+ Kxe6 36. Bf4 Kf5 37. Kf3 Rh8 38. Rg5+ Ke6 39. Kg4 Rxh2 40. Bxh2 1-0

[Event "Napoli Sociale-ch"]
[Site "Napoli"]
[Date "2015.11.26"]
[Round "4"]
[White "Solombrino, Giovanni"]
[Black "Fortuna, Armando"]
[Result "1-0"]
[WhiteElo "1819"]
[BlackElo "1611"]
[PlyCount "107"]
[EventDate "2015.11.05"]
[EventType "swiss"]
[EventRounds "7"]
[EventCountry "ITA"]
[SourceTitle "EXT 2018"]
[Source "ChessBase"]
[SourceDate "2017.10.13"]
[SourceVersion "1"]
[SourceVersionDate "2017.10.13"]
[SourceQuality "1"]

1. e4 e5 2. Nf3 Nc6 3. d4 exd4 4. Nxd4 Nf6 5. Nc3 Bb4 6. Nxc6 bxc6 7. Bd3 0-0 8. 0-0 Re8 9. Bg5 d6 10. h3 Be6 11. f4 Bc5+ 12. Kh1 Bd4 13. Na4 Qc8 14. f5 Bd7 15. c3 Be5 16. Bf4 Qb7 17. b3 c5 18. Qc2 Bc6 19. Rae1 Re7 20. c4 Rae8 21. Bxe5 Rxe5 22. Nc3 Nh5 23. Kh2 Nf6 24. Qb1 h5 25. Nd5 Bxd5 26. exd5 Qb4 27. Rxe5 Rxe5 28. Qc2 Re1 29. Rxe1 Qxe1 30. Qe2 Qxe2 31. Bxe2 Nd7 32. Bxh5 Ne5 33. Be2 f6 34. g4 a5 35. Kg3 c6 36. Bf3 cxd5 37. Bxd5+ Kf8 38. Be4 Ke7 39. Kf4 Nd7 40. h4 Nb6 41. g5 a4 42. h5 fxg5+ 43. Kxg5 Kf7 44. Bd5+ Nxd5 45. cxd5 axb3 46. axb3 Kg8 47. Kg6 Kf8 48. h6 gxh6 49. Kxh6 Kf7 50. Kg5 Kg7 51. f6+ Kf7 52. Kf5 Kf8 53. Ke6 Ke8 54. Kxd6 1-0

[Event "Napoli Giglio Memorial"]
[Site "Napoli"]
[Date "2015.09.17"]
[Round "2"]
[White "Solombrino, Giovanni"]
[Black "Buonanno, Matteo Giovanni"]
[Result "1-0"]
[WhiteElo "1819"]
[BlackElo "1418"]
[PlyCount "51"]
[EventDate "2015.09.10"]
[EventType "swiss"]
[EventRounds "4"]
[EventCountry "ITA"]
[SourceTitle "EXT 2024"]
[Source "ChessBase"]
[SourceDate "2023.10.10"]
[SourceVersion "1"]
[SourceVersionDate "2023.10.10"]
[SourceQuality "1"]

1. e4 c5 2. Nf3 d6 3. d4 cxd4 4. Nxd4 Nf6 5. Nc3 a6 6. Bg5 e6 7. f4 Be7 8. Bd3 Nc6 9. Nf3 Qc7 10. Qd2 b5 11. a3 h6 12. Bh4 Bb7 13. 0-0 Qb6+ 14. Bf2 Qc7 15. Rac1 0-0 16. e5 dxe5 17. fxe5 Ng4 18. Qe3 f5 19. exf6 Nxf6 20. Qxe6+ Kh8 21. Qf5 Bc8 22. Qg6 Ne5 23. Nxe5 Qxe5 24. Rfe1 Qh5 25. Qxh5 Nxh5 26. Rxe7 1-0

[Event "Giorgio Porreca Cup 4th"]
[Site "Napoli"]
[Date "2014.10.16"]
[Round "4"]
[White "Esposito, Luca"]
[Black "Solombrino, Giovanni"]
[Result "1-0"]
[WhiteElo "2195"]
[BlackElo "1864"]
[PlyCount "45"]
[EventDate "2014.09.25"]
[EventType "swiss"]
[EventRounds "7"]
[EventCountry "ITA"]
[SourceTitle "EXT 2016"]
[Source "ChessBase"]
[SourceDate "2015.10.08"]
[SourceVersion "1"]
[SourceVersionDate "2015.10.08"]
[SourceQuality "1"]

1. d4 Nf6 2. c4 g6 3. Nc3 d5 4. cxd5 Nxd5 5. e4 Nxc3 6. bxc3 Bg7 7. Bc4 0-0 8. Ne2 c5 9. 0-0 Nc6 10. Be3 Bg4 11. f3 Na5 12. Bxf7+ Rxf7 13. fxg4 Rxf1+ 14. Kxf1 Qd7 15. h3 Rf8+ 16. Kg1 Nc4 17. Bf2 Bh6 18. Qd3 b5 19. a4 Qe6 20. axb5 Qf7 21. Bg3 Ne3 22. dxc5 Nf1 23. Bf4 1-0

[Event "Giorgio Porreca Cup 4th"]
[Site "Napoli"]
[Date "2014.10.02"]
[Round "2"]
[White "Solombrino, Giovanni"]
[Black "Esposito, Rosario"]
[Result "1/2-1/2"]
[WhiteElo "1864"]
[BlackElo "1805"]
[PlyCount "39"]
[EventDate "2014.09.25"]
[EventType "swiss"]
[EventRounds "7"]
[EventCountry "ITA"]
[SourceTitle "EXT 2016"]
[Source "ChessBase"]
[SourceDate "2015.10.08"]
[SourceVersion "1"]
[SourceVersionDate "2015.10.08"]
[SourceQuality "1"]

1. e4 c5 2. Nf3 e6 3. d4 cxd4 4. Nxd4 Nc6 5. Nc3 Qc7 6. Be3 a6 7. Bd3 Ne5 8. f4 Nxd3+ 9. cxd3 Bb4 10. Rc1 Ne7 11. 0-0 Qd8 12. a3 Bxc3 13. Rxc3 d5 14. e5 0-0 15. Qg4 Nf5 16. Bf2 Bd7 17. Rfc1 Qe7 18. Nxf5 exf5 19. Qf3 Qe6 20. Bc5 1/2-1/2

[Event "Giorgio Porreca Cup 4th"]
[Site "Napoli"]
[Date "2014.09.25"]
[Round "1"]
[White "Auletta, Pasquale"]
[Black "Solombrino, Giovanni"]
[Result "0-1"]
[WhiteElo "1606"]
[BlackElo "1864"]
[PlyCount "48"]
[EventDate "2014.09.25"]
[EventType "swiss"]
[EventRounds "7"]
[EventCountry "ITA"]
[SourceTitle "EXT 2016"]
[Source "ChessBase"]
[SourceDate "2015.10.08"]
[SourceVersion "1"]
[SourceVersionDate "2015.10.08"]
[SourceQuality "1"]

1. e4 c5 2. Nf3 Nc6 3. d4 cxd4 4. Nxd4 g6 5. Nc3 Bg7 6. Be3 Nf6 7. f3 0-0 8. Bc4 Qb6 9. Qd2 Nxe4 10. Nxc6 Nxd2 11. Nxe7+ Kh8 12. Bxb6 Nxc4 13. Bc5 d6 14. Bb4 a5 15. Bxd6 Nxd6 16. Na4 Re8 17. 0-0-0 Rxe7 18. Nb6 Rb8 19. Rxd6 Be6 20. Rhd1 Be5 21. R6d3 Bxh2 22. Re3 Bf4 23. Rde1 Bxa2 24. Kd2 Rd8+ 0-1

[Event "Napoli Parthenope op 6th"]
[Site "Napoli"]
[Date "2014.06.12"]
[Round "4"]
[White "Solombrino, Giovanni"]
[Black "Capozzoli, Silvio"]
[Result "1-0"]
[WhiteElo "1859"]
[BlackElo "1743"]
[PlyCount "73"]
[EventDate "2014.06.01"]
[EventType "swiss"]
[EventRounds "7"]
[EventCountry "ITA"]
[SourceTitle "EXT 2018"]
[Source "ChessBase"]
[SourceDate "2017.10.13"]
[SourceVersion "1"]
[SourceVersionDate "2017.10.13"]
[SourceQuality "1"]

1. e4 d5 2. exd5 Qxd5 3. Nc3 Qd6 4. d4 Nf6 5. Bd3 Bg4 6. f3 Bh5 7. Nge2 Nc6 8. Bf4 Qd8 9. h4 a6 10. g4 Bg6 11. Ne4 Nd5 12. c3 e6 13. Qd2 Be7 14. Bg3 Bxe4 15. fxe4 Nb6 16. g5 Qd7 17. 0-0 f6 18. Qf4 0-0-0 19. Qg4 Ne5 20. Bxe5 fxe5 21. Rf7 exd4 22. Nxd4 Qd6 23. Nxe6 Rd7 24. Rd1 Qc6 25. Nd4 Qc5 26. Rf5 Qd6 27. e5 Qc5 28. e6 Rd5 29. Be4 Re5 30. Rxe5 Qxe5 31. Nf5 Bc5+ 32. Kg2 Rf8 33. e7 Re8 34. Nxg7+ Kb8 35. Rd8+ Nc8 36. Qxc8+ Ka7 37. Qxb7# 1-0

[Event "Napoli Antica Scuola 2nd"]
[Site "Napoli"]
[Date "2014.04.10"]
[Round "6"]
[White "Seletsky, Grigory"]
[Black "Solombrino, Giovanni"]
[Result "1-0"]
[WhiteElo "2341"]
[BlackElo "1859"]
[PlyCount "45"]
[EventDate "2014.03.06"]
[EventType "swiss"]
[EventRounds "7"]
[EventCountry "ITA"]
[SourceTitle "EXT 2015"]
[Source "ChessBase"]
[SourceDate "2014.11.20"]
[SourceVersion "1"]
[SourceVersionDate "2014.11.20"]
[SourceQuality "1"]

1. e4 c5 2. Nf3 Nc6 3. Bb5 g6 4. Bxc6 dxc6 5. d3 Bg7 6. Nc3 Nf6 7. Be3 b6 8. h3 0-0 9. Qd2 Nd7 10. Bh6 Qc7 11. 0-0-0 b5 12. h4 b4 13. Ne2 Qa5 14. Kb1 Nb6 15. Bxg7 Be6 16. Qh6 Qxa2+ 17. Kc1 Nc4 18. dxc4 Rfd8 19. Bd4 Qa1+ 20. Kd2 Rxd4+ 21. Nfxd4 Qa5 22. Nxe6 fxe6 23. b3 1-0

[Event "Napoli Antica Scuola 2nd"]
[Site "Napoli"]
[Date "2014.03.27"]
[Round "4"]
[White "Solombrino, Giovanni"]
[Black "Freda, Guido"]
[Result "1-0"]
[WhiteElo "1859"]
[BlackElo "1570"]
[PlyCount "41"]
[EventDate "2014.03.06"]
[EventType "swiss"]
[EventRounds "7"]
[EventCountry "ITA"]
[SourceTitle "EXT 2015"]
[Source "ChessBase"]
[SourceDate "2014.11.20"]
[SourceVersion "1"]
[SourceVersionDate "2014.11.20"]
[SourceQuality "1"]

1. e4 c5 2. Nf3 d6 3. d4 cxd4 4. Nxd4 Nf6 5. Nc3 e5 6. Nf5 Nc6 7. Bg5 Bxf5 8. exf5 Be7 9. Qd2 0-0 10. 0-0-0 Nd4 11. Bd3 Qd7 12. Bxf6 Bxf6 13. Ne4 Qe7 14. c3 Nxf5 15. g4 Nh4 16. g5 d5 17. gxf6 gxf6 18. Rhg1+ Ng6 19. Ng3 e4 20. Bc2 Qe6 21. Qh6 1-0

[Event "Napoli Antica Scuola 1st"]
[Site "Napoli"]
[Date "2013.04.04"]
[Round "6"]
[White "Di Gennaro, Antonio"]
[Black "Solombrino, Giovanni"]
[Result "1/2-1/2"]
[WhiteElo "1660"]
[BlackElo "1857"]
[PlyCount "79"]
[EventDate "2013.02.21"]
[EventType "swiss"]
[EventRounds "7"]
[EventCountry "ITA"]
[SourceTitle "EXT 2014"]
[Source "ChessBase"]
[SourceDate "2013.11.20"]
[SourceVersion "1"]
[SourceVersionDate "2013.11.20"]
[SourceQuality "1"]

1. e4 c5 2. Nf3 Nc6 3. d4 cxd4 4. Nxd4 g6 5. c4 Nf6 6. Nc3 Nxd4 7. Qxd4 d6 8. Bg5 Bg7 9. Qd2 0-0 10. Bd3 Be6 11. 0-0 Rc8 12. b3 Nd7 13. Rac1 Ne5 14. Bb1 f6 15. Bh6 Bf7 16. Bxg7 Kxg7 17. h3 Qa5 18. Rfd1 Nc6 19. Qf4 e5 20. Qd2 a6 21. Nd5 Qxd2 22. Rxd2 Bxd5 23. exd5 Nd4 24. f4 Rf7 25. fxe5 fxe5 26. Rf1 a5 27. Rxf7+ Kxf7 28. Rf2+ Ke7 29. Bd3 b6 30. Rb2 Kd7 31. Be2 Rf8 32. Bd3 Nf5 33. Rf2 Ke7 34. a3 Nd4 35. Rb2 Kd7 36. b4 axb4 37. Rxb4 Kc7 38. Ra4 Kb7 39. Rb4 Kc7 40. Ra4 1/2-1/2

[Event "Napoli Antica Scuola 1st"]
[Site "Napoli"]
[Date "2013.03.21"]
[Round "5"]
[White "Solombrino, Giovanni"]
[Black "Esposito, Luca"]
[Result "0-1"]
[WhiteElo "1857"]
[BlackElo "2285"]
[PlyCount "74"]
[EventDate "2013.02.21"]
[EventType "swiss"]
[EventRounds "7"]
[EventCountry "ITA"]
[SourceTitle "EXT 2014"]
[Source "ChessBase"]
[SourceDate "2013.11.20"]
[SourceVersion "1"]
[SourceVersionDate "2013.11.20"]
[SourceQuality "1"]

1. e4 e5 2. Nf3 Nc6 3. d4 exd4 4. Nxd4 Bc5 5. Be3 Qf6 6. c3 Nge7 7. Be2 0-0 8. 0-0 d5 9. Nxc6 Qxc6 10. Bxc5 Qxc5 11. Nd2 Qb6 12. exd5 Qxb2 13. Nc4 Qxc3 14. Rc1 Qf6 15. Ne3 Qd6 16. Re1 Nf5 17. Nc4 Qf6 18. Bd3 c6 19. dxc6 Qxc6 20. Bxf5 Bxf5 21. Nd6 Qd7 22. Nxf5 Qxf5 23. Rc7 Rad8 24. Qe2 Rd7 25. Rc8 g6 26. g4 Qd5 27. Rxf8+ Kxf8 28. h4 Kg7 29. g5 h6 30. Qb2+ Qd4 31. Qxd4+ Rxd4 32. Re7 hxg5 33. Rxb7 Rg4+ 34. Kh2 Rxh4+ 35. Kg3 Ra4 36. Rb5 f5 37. Rb2 Ra3+ 0-1

[Event "Napoli Antica Scuola 1st"]
[Site "Napoli"]
[Date "2013.03.07"]
[Round "3"]
[White "Solombrino, Giovanni"]
[Black "Cocchia, Umberto"]
[Result "1/2-1/2"]
[WhiteElo "1857"]
[BlackElo "1891"]
[PlyCount "27"]
[EventDate "2013.02.21"]
[EventType "swiss"]
[EventRounds "7"]
[EventCountry "ITA"]
[SourceTitle "EXT 2014"]
[Source "ChessBase"]
[SourceDate "2013.11.20"]
[SourceVersion "1"]
[SourceVersionDate "2013.11.20"]
[SourceQuality "1"]

1. e4 d5 2. exd5 Nf6 3. d4 Nxd5 4. Nf3 g6 5. Be2 Bg7 6. 0-0 Nc6 7. Na3 0-0 8. Nc4 Nb6 9. c3 Nxc4 10. Bxc4 e5 11. Bg5 Qd6 12. dxe5 Qxd1 13. Raxd1 Bg4 14. Bf4 1/2-1/2

[Event "Napoli Antica Scuola 1st"]
[Site "Napoli"]
[Date "2013.02.28"]
[Round "2"]
[White "Cosenza, Gianni"]
[Black "Solombrino, Giovanni"]
[Result "0-1"]
[WhiteElo "1957"]
[BlackElo "1857"]
[PlyCount "78"]
[EventDate "2013.02.21"]
[EventType "swiss"]
[EventRounds "7"]
[EventCountry "ITA"]
[SourceTitle "EXT 2014"]
[Source "ChessBase"]
[SourceDate "2013.11.20"]
[SourceVersion "1"]
[SourceVersionDate "2013.11.20"]
[SourceQuality "1"]

1. e4 c5 2. Nf3 Nc6 3. d4 cxd4 4. Nxd4 g6 5. Be3 Bg7 6. Nc3 Nf6 7. Bc4 0-0 8. f3 Qb6 9. Bb3 Nxe4 10. Nxe4 Bxd4 11. Bxd4 Qxd4 12. c3 Qe3+ 13. Qe2 Qxe2+ 14. Kxe2 b6 15. Rad1 d6 16. Rhe1 Ne5 17. Ke3 Bb7 18. Rd4 Kg7 19. Kf2 Rac8 20. Kg3 Rc7 21. Nd2 Nc6 22. Rde4 f5 23. Re6 f4+ 24. Kf2 Ne5 25. R6xe5 dxe5 26. Rxe5 Rd8 27. Re2 Rcd7 28. Ne4 Bxe4 29. Rxe4 g5 30. h4 h6 31. hxg5 hxg5 32. Re5 Rd2+ 33. Kf1 Rxb2 34. Rxe7+ Kf8 35. Rf7+ Ke8 36. Rg7 Rdd2 37. Ke1 Rxg2 38. Kf1 Rh2 39. Kg1 Rhd2 0-1

[Event "Napoli Porreca Memorial 2nd"]
[Site "Napoli"]
[Date "2012.10.10"]
[Round "4"]
[White "Solombrino, Giovanni"]
[Black "Seletsky, Grigory"]
[Result "0-1"]
[WhiteElo "1838"]
[BlackElo "2348"]
[PlyCount "120"]
[EventDate "2012.09.20"]
[EventType "swiss"]
[EventRounds "7"]
[EventCountry "ITA"]
[SourceTitle "EXT 2014"]
[Source "ChessBase"]
[SourceDate "2013.11.20"]
[SourceVersion "1"]
[SourceVersionDate "2013.11.20"]
[SourceQuality "1"]

1. e4 Nf6 2. e5 Nd5 3. d4 d6 4. Nf3 g6 5. Bc4 Nb6 6. Bb3 d5 7. 0-0 Bg4 8. h3 Bxf3 9. Qxf3 e6 10. Be3 N8d7 11. Nd2 Bg7 12. c4 c6 13. Rac1 0-0 14. Qe2 a5 15. a3 a4 16. Ba2 Ra5 17. Nf3 Nxc4 18. Bxc4 dxc4 19. Qxc4 Nb6 20. Qc2 Nd5 21. Nd2 f5 22. exf6 Qxf6 23. Nc4 Ra7 24. Ne5 Qe7 25. Nd3 Qd6 26. Qc5 Qxc5 27. Nxc5 Re8 28. Nd3 e5 29. dxe5 Nxe3 30. fxe3 Bxe5 31. Nxe5 Rxe5 32. Rf3 Ra8 33. Rd1 Rae8 34. Kf2 Rb5 35. Rd2 h5 36. Rf4 Rf8 37. Kf3 g5 38. Rxf8+ Kxf8 39. g4 h4 40. Ke4 Ke7 41. Rd4 Rxb2 42. Rxa4 Ke6 43. Ra5 b5 44. Ra6 Rc2 45. Ra8 Rc4+ 46. Kf3 Kd6 47. Rg8 Rc5 48. Ke4 Re5+ 49. Kd3 Rd5+ 50. Ke4 Kc5 51. Rf8 Kc4 52. Rf5 Rd3 53. Rxg5 Rxa3 54. Rg6 Ra6 55. g5 b4 56. Rf6 b3 57. g6 b2 58. Rf1 c5 59. Kf5 Ra1 60. g7 Rxf1+ 0-1

[Event "Napoli Porreca Memorial 2nd"]
[Site "Napoli"]
[Date "2012.09.20"]
[Round "1"]
[White "Buonanno, Raffaele"]
[Black "Solombrino, Giovanni"]
[Result "0-1"]
[WhiteElo "1437"]
[BlackElo "1838"]
[PlyCount "58"]
[EventDate "2012.09.20"]
[EventType "swiss"]
[EventRounds "7"]
[EventCountry "ITA"]
[SourceTitle "EXT 2014"]
[Source "ChessBase"]
[SourceDate "2013.11.20"]
[SourceVersion "1"]
[SourceVersionDate "2013.11.20"]
[SourceQuality "1"]

1. d4 Nf6 2. Bg5 Ne4 3. Nf3 d5 4. e3 Bg4 5. Be2 Bxf3 6. Bxf3 Nxg5 7. c3 c6 8. Nd2 Nd7 9. Qb3 Nxf3+ 10. Nxf3 Qc7 11. a4 e6 12. c4 Qb6 13. Qxb6 Nxb6 14. cxd5 cxd5 15. 0-0 Bd6 16. Rab1 0-0 17. a5 Nd7 18. b4 Rac8 19. b5 Rc2 20. a6 bxa6 21. bxa6 Rb8 22. Rbc1 Rbb2 23. Rcd1 Nf6 24. Ne5 Bxe5 25. dxe5 Ne4 26. Rd4 Nxf2 27. h3 Ne4 28. Re1 Rxg2+ 29. Kf1 Rbf2# 0-1

[Event "Napoli Sociale-ch"]
[Site "Napoli"]
[Date "2012.07.03"]
[Round "5"]
[White "Solombrino, Giovanni"]
[Black "De Rosa, Francesco"]
[Result "0-1"]
[WhiteElo "1822"]
[BlackElo "1950"]
[PlyCount "84"]
[EventDate "2012.05.31"]
[EventType "swiss"]
[EventRounds "7"]
[EventCountry "ITA"]
[SourceTitle "EXT 2018"]
[Source "ChessBase"]
[SourceDate "2017.10.13"]
[SourceVersion "1"]
[SourceVersionDate "2017.10.13"]
[SourceQuality "1"]

1. e4 c5 2. Nf3 d6 3. d4 cxd4 4. Nxd4 Nf6 5. Nc3 Nc6 6. Bg5 Qb6 7. Nb3 e6 8. Qd2 Be7 9. f3 a6 10. Be3 Qc7 11. g4 b5 12. g5 Nd7 13. f4 Bb7 14. 0-0-0 Rc8 15. Bd3 Nb4 16. Be2 Bxe4 17. Nxe4 Qxc2+ 18. Qxc2 Rxc2+ 19. Kb1 Rxe2 20. Rde1 Rxe1+ 21. Rxe1 0-0 22. a3 Nd5 23. Nd4 Nxe3 24. Rxe3 Rc8 25. f5 d5 26. fxe6 fxe6 27. Nc3 Bxg5 28. Rxe6 Bf6 29. Nf5 Bxc3 30. bxc3 Nf6 31. Kb2 Re8 32. Rxa6 Re2+ 33. Kb3 Rxh2 34. Nd6 h5 35. Nxb5 h4 36. Nd4 h3 37. Nf3 Rf2 38. Ng5 Kf8 39. Nxh3 Rf5 40. Ng1 Ke7 41. Ra7+ Nd7 42. Ra6 Nc5+ 0-1

[Event "Napoli Sociale-ch"]
[Site "Napoli"]
[Date "2012.06.21"]
[Round "4"]
[White "Rosato, Luciano"]
[Black "Solombrino, Giovanni"]
[Result "1-0"]
[WhiteElo "2253"]
[BlackElo "1822"]
[PlyCount "75"]
[EventDate "2012.05.31"]
[EventType "swiss"]
[EventRounds "7"]
[EventCountry "ITA"]
[SourceTitle "EXT 2018"]
[Source "ChessBase"]
[SourceDate "2017.10.13"]
[SourceVersion "1"]
[SourceVersionDate "2017.10.13"]
[SourceQuality "1"]

1. d4 Nf6 2. c4 g6 3. Nc3 d5 4. cxd5 Nxd5 5. e4 Nxc3 6. bxc3 Bg7 7. Nf3 c5 8. Rb1 0-0 9. Be2 Nc6 10. d5 Bxc3+ 11. Bd2 Bxd2+ 12. Qxd2 Nd4 13. Nxd4 cxd4 14. Qxd4 b6 15. h4 h5 16. Rb3 f6 17. Rg3 Kh7 18. Qd1 Qe8 19. f4 e6 20. d6 Bd7 21. 0-0 Bb5 22. e5 Bxe2 23. Qxe2 Qc6 24. Qd3 f5 25. Qb3 Qd7 26. Rc3 Rac8 27. Rfc1 Rxc3 28. Qxc3 Kg8 29. Qc6 Qd8 30. g3 Rf7 31. Kf2 Kf8 32. Qb5 Qd7 33. Rc6 Qb7 34. Qc4 a6 35. Rc8+ Kg7 36. Qc6 Qxc6 37. Rxc6 b5 38. Rc7 1-0